| 000 | 01329pam a2200361 a 4500 | ||
|---|---|---|---|
| 001 | 1125450 | ||
| 003 | OSt | ||
| 005 | 20150518145655.0 | ||
| 008 | 940705s1994 enka 001 0 eng c | ||
| 010 | _a 94029015 | ||
| 020 | _a0750617489 | ||
| 040 |
_aDNLM/DLC _cDLC _dDLC |
||
| 050 | 0 | 0 |
_aRE976 _b.B46 1994 |
| 060 | 1 | 0 | _aWW 354 B472 1994 |
| 082 | 0 | 0 |
_aWW 354 W439b 1994 _220 |
| 100 | 1 |
_aWakefield, Kelvin G. _94655 |
|
| 245 | 1 | 0 |
_aBennett's ophthalmic prescription work / _cKelvin G. Wakefield ; with a foreword by Frank G. Norville. |
| 246 | 3 | 0 | _aOphthalmic prescription work |
| 250 | _a3rd ed. | ||
| 260 |
_aOxford ; _aBoston : _bButterworth-Heinemann, _c1994. |
||
| 300 |
_a292 p. : _bill. ; _c24 vm. |
||
| 500 | _aIncludes index. | ||
| 500 | _aRev. ed. of: Ophthalmic prescription work / Arthur G. Bennett, Simon J.L. Blumlein. 2nd ed. 1983. | ||
| 650 | 0 |
_aOphthalmic lenses. _94656 |
|
| 650 | 0 |
_aEyeglasses. _94657 |
|
| 650 | 2 |
_aEyeglasses. _94658 |
|
| 650 | 2 |
_aOptometry _xmethods. _94659 |
|
| 700 | 1 |
_aWakefield, Kelvin G. _94660 |
|
| 700 | 1 |
_aBennett, Arthur G. _q(Arthur George). _tOphthalmic prescription work. _94661 |
|
| 906 |
_a7 _bcbc _corignew _d1 _eocip _f19 _gy-gencatlg |
||
| 942 |
_2z _cSLOAN |
||
| 999 |
_c1772 _d1772 |
||